00599nam a2200193 u 450000100070000000500170000700800410002403500110006503500210007604000130009704100080011008000070011811000540012524500850017926000640026430000180032865000240034665000350037016549520260506084826.0980305s1979 spa  a165495 a(OCoLC)778021365 ccomduadb aspa aSF20aICA (Instituto Colombiano Agropecuario)4auteaut10aPrograma nacional de fisiologia y reproduccion animal : informe de progreso 1978 aBogotá :bICA (Instituto Colombiano Agropecuario),c1979. a192 páginas aFisiología animal 7aReproducción animal2agrovoc